| 000 | 01036nam a2200313 i 4500 | ||
|---|---|---|---|
| 001 | bg | ||
| 003 | BPK | ||
| 005 | 20200428143121.0 | ||
| 008 | 971016s1989 pl a f |001 0 pol | ||
| 015 | _aPB 1989/3764 | ||
| 020 | _a8320410274 | ||
| 020 | _a8320410282 | ||
| 040 |
_aWA N _cBPK |
||
| 080 | _a51 | ||
| 080 | _a(07) | ||
| 100 | 1 |
_aLeitner, Roman _d(1914-2008). _eAutor |
|
| 245 | 1 | 0 |
_aMatematyka dla kandydatów na wyższe uczelnie techniczne. _nCz. 1 / _cRoman Leitner, Wojciech Żakowski. |
| 250 | _aWyd. 15. | ||
| 260 |
_aWarszawa : _bWydawnictwa Naukowo-Techniczne, _c1989. |
||
| 300 |
_a322, [6] s. : _brys., wykr. ; _c21 cm. |
||
| 500 | _aNa s. 4 okł. błędny ISBN. | ||
| 504 | _aIndeks. | ||
| 650 | 4 | _aMatematyka | |
| 655 | 4 | _aPodręcznik | |
| 710 | 2 |
_aWydawnictwa Naukowo-Techniczne _4pbl. |
|
| 700 | 1 |
_aŻakowski, Wojciech _d(1929-1993) _eAutor |
|
| 856 |
_uhttp://koha.tu.koszalin.pl/cgi-bin/koha/opac-detail.pl?biblionumber=36976 _yKatalog onine BPK |
||
| 942 |
_2UKD _cKS |
||
| 999 |
_c36976 _d36976 |
||